Emirates Airline Destinations - Statistics

General Stats
  • This quiz has been taken 396 times
  • The average score is 101 of 145
Answer Stats
Hint Answer % Correct
Australia Sydney
95%
China Beijing
93%
France Paris
93%
Australia Perth
93%
Australia Melbourne
92%
Canada Toronto
92%
Germany Frankfurt
91%
China Shanghai
91%
Italy Rome
90%
Austria Vienna
90%
Belgium Brussels
89%
Brazil Rio de Janeiro
89%
Greece Athens
88%
Afghanistan Kabul
88%
Italy Milan
88%
India Mumbai
88%
India New Delhi
88%
Brazil São Paulo
88%
Japan Tokyo - Haneda
88%
Japan Tokyo - Narita
88%
Argentina Buenos Aires
87%
Egypt Cairo
87%
Ireland Dublin
87%
Germany Munich
87%
New Zealand Auckland
86%
United States New York City - JFK
86%
Chile Santiago
86%
Indonesia Jakarta
85%
United Kingdom London - Gatwick
85%
United Kingdom London - Heathrow
85%
United Kingdom London - Stansted
85%
Netherlands Amsterdam
84%
Australia Brisbane
84%
Denmark Copenhagen
84%
Bangladesh Dhaka
84%
United States Los Angeles
84%
Spain Madrid
84%
Philippines Manila
84%
Russia Moscow
84%
Thailand Bangkok
83%
South Africa Cape Town
83%
Qatar Doha
83%
China Hong Kong
83%
Turkey Istanbul - Atatürk
83%
Turkey Istanbul - Sabiha Gökçen
83%
Norway Oslo
83%
Singapore Singapore
83%
Hungary Budapest
82%
Kenya Nairobi
82%
Czech Republic Prague
82%
Spain Barcelona
81%
Malaysia Kuala Lumpur
81%
Portugal Lisbon
81%
Algeria Algiers
80%
Croatia Zagreb
80%
United Kingdom Manchester
79%
Saudi Arabia Riyadh
79%
Sweden Stockholm
79%
Switzerland Zurich
79%
Ethiopia Addis Ababa
78%
United Arab Emirates Dubai
78%
Kuwait Kuwait City
78%
United States San Francisco
78%
Taiwan Taipei
78%
Pakistan Islamabad
77%
South Africa Johannesburg
77%
South Korea Seoul
77%
Italy Venice
77%
Poland Warsaw
77%
Australia Adelaide
76%
United States Chicago
76%
France Lyon
75%
Lebanon Beirut
74%
Sri Lanka Colombo
74%
China Guangzhou
74%
Germany Hamburg
74%
Pakistan Karachi
74%
France Nice
74%
Japan Osaka
74%
Iran Tehran
74%
Jordan Amman
73%
Iraq Baghdad
73%
Nigeria Lagos
73%
Oman Muscat
73%
Russia Saint Petersburg
73%
Tunisia Tunis
73%
Saudi Arabia Jeddah
72%
Morocco Casablanca
71%
United States Dallas
71%
Switzerland Geneva
71%
United Kingdom Glasgow
71%
United States Houston
71%
Indonesia Denpasar
70%
Vietnam Hanoi
70%
Ghana Accra
69%
United States Boston
69%
Germany Düsseldorf
69%
Maldives Male
69%
Vietnam Ho Chi Minh City
68%
United Kingdom Birmingham
67%
New Zealand Christchurch
67%
Angola Luanda
67%
India Bengaluru
66%
Bahrain Manama
66%
India Chennai
65%
Pakistan Lahore
65%
United States Seattle
65%
Nigeria Abuja
64%
India Kolkata
64%
Cambodia Phnom Penh
62%
Thailand Phuket
62%
India Hyderabad
60%
Sudan Khartoum
57%
South Africa Durban
55%
Philippines Cebu
54%
Zimbabwe Harare
52%
Saudi Arabia Medina
52%
Myanmar Yangon
51%
Uganda Entebbe
50%
United States Orlando
50%
Mauritius Port Louis
50%
United States Newark
49%
India Ahmedabad
48%
Ivory Coast Abidjan
46%
Tanzania Dar es Salaam
46%
Cyprus Larnaca
45%
United Kingdom Newcastle upon Tyne
45%
United States Washington, D.C.
45%
Malta Valletta
42%
Zambia Lusaka
41%
Italy Bologna
38%
Guinea Conakry
35%
Saudi Arabia Dammam
35%
Pakistan Peshawar
30%
Iraq Basra
29%
India Kochi
29%
United States Fort Lauderdale
28%
Philippines Clark
25%
Seychelles Mahe
25%
Iran Mashhad
21%
China Zhengzhou
21%
Pakistan Multan
17%
Pakistan Sialkot
17%
India Thiruvananthapuram
15%
China Yinchuan
10%
No matching quizzes found
Score Distribution
Percent of People with Each Score
Percentile by Number Answered
Your Score History
You have not taken this quiz